000 00833cab a22002415a 4500
001 L159883
008 150113e2017 xxk 000 0 eng d
035 _a(Sirsi) u159883
041 0 _aeng
050 _218
100 1 _aAshton, Richard
245 0 2 _aA wise move
_h[electronic resource]
260 _aLondon
_bRICS
_c2017
490 _aRICS Building Surveying Journal
_vDecember 2017 - January 2018, 16-17(2)
520 _aRichard Ashton celebrates a variety of major projects he has led over the past five years as a surveyor.
650 2 4 _aCAREER
650 2 4 _aABOUT RICS-RICS MEMBERS
651 4 _aUnited Kingdom
_y
690 _aBuilding surveying
_96225
856 4 0 _uhttps://issuu.com/ricsmodus/docs/building_surveying_journal_december_cfa9ea648afe6a
_yAvailable free online via Issuu
856 4 0 _u
_z
942 _n0
999 _c85042
_d85042